MDQL
is popping MORE tags! Check the
thread
!
Quizzes
Events
Quiz Creation
Community
Videos
Private Events
Remove Ads
Sign In
Join for FREE
Feedback
Dark Mode
Quiz Categories
Sports
Geography
Music
Movies
Television
Just For Fun
Miscellaneous
History
Literature
Language
Science
Gaming
Entertainment
Religion
Holiday
For Kids
Quiz Lab
Recent
Popular Today
Quiz Kudos Today
Editor Picks
Curator Picks
Quizzes by...
Day
Popularity
Type
Ratings
Length
Year
Community
Subscriptions
Recent Discussions
Orange Saloon
Badges
Playlists
Quests
Create
Leaderboards
Showdown
Live 5
Trivia Bingo
Activity
Puzzle Library
Sporcle Events
Private Events
Virtual Trivia
Globe League
Become a Host
Pub Owners
SporcleCon
Opinionation
Our Games
Videos
Blog
Mobile Apps
Partnerships
Remove Ads and Go Orange
Feedback
Language
Vocabulary
Begins and Ends
Definition
Spanish
French
German
Italian
Chinese
Latin
Translation
Japanese
Language
Vocabulary
Begins and Ends
Definition
Spanish
French
German
Italian
Chinese
Latin
Translation
Japanese
Random Quiz
Search Sporcle
×
Quiz Lab
Quiz Lab
Language
danish
Type in answers that appear in a list
Type in answers that appear in a list
Classic
Best Score? Go Orange.
Danish Words Stats
Can you name the meaning of these danish words?
By
s777
10m
22 Questions
1,636 Plays
1,636 Plays
1,636 Plays
Comments
Comments
Give Quiz Kudos
Give Quiz Kudos
-
- Ratings
hide this ad
Replay
Link that replays current quiz
Next Quiz
Link to next quiz in quiz playlist
You Got
0%
They Got
Avg Score
85%
Avg Friend Score
Upgrade to see
Score Distribution
Jump to the score distribution portion of the page
Score
0/22
Timer
10:00
0
Plays Today
Word in danish
Word in english
% Correct
Hej
Hello
97.2%
Kat
Cat
96.5%
Sommer
Summer
96.5%
Vinter
Winter
96.2%
Musik
Music
96.1%
Hund
Dog
95.8%
Hånd
Hand
93.5%
Farvel
Goodbye
92.9%
Dag
Day
92.6%
Glad
Happy
91.7%
Nat
Night
88.1%
Word in danish
Word in english
% Correct
Forår
Spring
86%
Spise
Eat
84.8%
Fod
Foot
82.7%
Fugl
Bird
80.1%
Efterår
Fall
79.7%
Menneske
Human
75.4%
Skinke
Ham
75%
Ked
Sad
71.4%
Jord
Earth
70.2%
Sur
Angry
70.2%
Gulv
Floor
68%
Quiz Playlist
Details
Report
Send in Message
Add To Playlist
Classic:
Type in answers that appear in a list
Last Updated: Feb 16, 2017
Quiz Scoreboard
CHALLENGE
Sign Up to Join the Scoreboard
Show All
Scores
Hide
Comments
May contain spoilers
Recently Published
Two Season TV Shows II
by 123Four
Television
10m
Image Sorting: Flags VI
by Barbecue
Geography
2m
Find the 'City' Movie
by crazypaving
Movies
60s
More to Explore
Quiz From the Vault
Featured Blog Post
14 Easter Pick-up Lines to Find Eggs With
hide this ad
You Might Also Like...
Tags
danish
English
Today's Top Quizzes in Language
Browse Language
hide this ad
Today's Top Quizzes in danish
Browse danish
Top Contributed Quizzes in Language
1
What Word Starts All?
2
1-10 Letter F Words III
3
1-10 Letter G Words III
4
Weisst du, aus welchen Sprachen diese Wörter stammen?
5
1-10 Letter H Words III
6
Harry Potter book 6 chapters: English & Greek
7
Arabic Numerals
8
1-10 Letter I Words III
9
One Thing in Common: Italy
10
Celtic Nations in their Language
Explore More
Trending Topics
Marvel
Kpop
Anime
Crossword
NBA
Harry Potter
Disney
Puzzle
Pokémon
NFL
Soccer
Song
WWE
Country
The Office
hide this ad
More By:
s777
Quiz
Plays
Rating
Category
Featured
Created
Played For Both Barcelona And Real Madrid
18,240
3.65
Sports
Oct 4, 2009
Most Winning Teams in Champions League
2,726
3.50
Sports
Nov 7, 2009
Name The Band!
2,604
2.28
Music
Oct 1, 2009
Danish Words
1,636
2.91
Language
Oct 1, 2009
Rewrite In A Minute
1,158
1.95
Just For Fun
Oct 9, 2009
Go to Creator's Profile
Score Distribution
Quiz Creator Spotlight
s777
Follow
Send a Message
Quizzes Created
-
Created Quiz Play Count
-
More By This Creator
Popular Quizzes Today
1
Find the US States - No Outlines Minefield
2
Colored Red Africa Blitz
3
Find the 'City' Movie
4
5x2 Blitz: Bands
5
The Countries of the World
6
Find the Countries of Europe - No Outlines Minefield
7
Find the US States
8
US States
More Language Quizzes
Missing 'S' Acronyms
Published
Trending Quizzes
Colored Red Europe Blitz I
Colored Red Africa Blitz II
Colored Red Europe Blitz II
Colored Red Africa Blitz III
Colored Red Europe Blitz III
Recently Updated
How Do You Spell That?
pecheneg
Godzilla Movies
pecheneg
Grab Bag: 4-10 Letters
pecheneg
2024 March Madness Bracket
pecheneg
Famous TV Couples
Peacemaker
Champions League XIs: Real Madrid
pecheneg
Largest US Cities 1790-2010
pecheneg
Rides in Walt Disney World
pecheneg
Most Oscar Losses (Acting)
pecheneg
Beyoncé Albums
pecheneg
Trending Topics
Anime
Disney
Harry Potter
NBA
Kpop
Crossword
Marvel
Song
Soccer
WWE
Pokémon
Country
The Office
NFL
Puzzle
Your Account Isn't Verified!
In order to create a playlist on Sporcle, you need to verify the email address you used during registration. Go to your
Sporcle Settings
to finish the process.
Report this User
Report this user for behavior that violates our
Community Guidelines
.
Details:
Send Report
Go to the Sporcle.com Mobile Site →
Comments